MARC

LEADER 00000nam0a2200000 4500
001 233426
005 20231101231240.0
035 |a (RuTPU)RU\TPU\book\254504 
090 |a 233426 
100 |a 20130304d1978 k y0rusy50 ca 
101 0 |a rus 
102 |a UA 
105 |a a z 001zy 
200 1 |a Разрядно-импульсная технология  |e сборник статей  |f Академия наук Украинской ССР, Проектно-конструкторское бюро электрогидравлики ; под ред. Г. А. Гулый 
210 |a Киев  |c Наукова думка  |d 1978 
215 |a 147 с.  |c ил. 
320 |a Библиогр. в конце ст. 
606 |a Технология металлов  |2 stltpush  |3 (RuTPU)RU\TPU\subj\60152  |9 77641 
610 1 |a электрогидравлический эффект 
610 1 |a металлообработка 
610 1 |a применение 
610 1 |a металлы 
610 1 |a физические явления 
610 1 |a импульсный разряд 
610 1 |a электрооборудование 
610 1 |a применение 
610 1 |a электроимпульсная обработка 
675 |a 621.7/.9.044  |v 3 
675 |a 621.7/.9.044.1  |v 3 
702 1 |a Гулый  |b Г. А.  |g Григорий Афанасьевич  |4 340 
712 0 2 |a Академия наук Украинской ССР  |b Проектно-конструкторское бюро электрогидравлики  |2 stltpush  |3 (RuTPU)RU\TPU\col\12258  |9 25364 
801 1 |a RU  |b 63413507  |c 20130304 
801 2 |a RU  |b 63413507  |c 20180920  |g RCR 
942 |c BK